00743nam a22002177a 450000500170000001000150001702000260003203500140005803700130007208200110008524500810009626000430017727000520022030000270027250000190029970000190031870000230033794200250036099900190038595201210040420170808141319.0 aENG-119538 a9788172112943c600.00 aEN-103070 bDBAD/PUB a306.44 aLanguage culture and value /cedited by Kanti Lal Das [and] Nirmal Kumar Roy aNew Delhi bNorthern Book Centerc2012 a4221,1Ansari Road DaryaganjbNew Delhi e110002 axxxvii,258p.c22cm(Hb) aIncludes index aDas,Kanti Lal  a Roy, Nirmal Kumar 2ddccENh306.44mLAN c143159d143159 001040708NFICaNRbNRd2017-08-08eDBAD/PUBg600.00l0o306.44 LANpEN-103070r2017-08-08 00:00:00t1v600.00yEN